| 000 | 00553nam a22001337a 4500 | ||
|---|---|---|---|
| 005 | 20241001084832.0 | ||
| 008 | 241001b |||||||| |||| 00| 0 eng d | ||
| 100 |
_aYauder, Dresden Klette A. _eauthor. _961864 |
||
| 245 |
_aRica Balaraio lagman... : _bang mga hamon at inspirasyon sa kanyang buhay / _cDresden Klette A. Yauder. |
||
| 260 |
_aPhilippines: _bPublishers Association of the Philippines, Inc., _cOctober 2018. |
||
| 300 |
_aVolume 66, pages 195-198, _billustration. |
||
| 700 |
_aYauder, Dresden Klette A. _eauthor. _961865 |
||
| 942 |
_2ddc _cPER |
||
| 999 |
_c22039 _d22039 |
||